Kid TV Moms Quiz Stats

 Plays Quiz not verified by Sporcle

Challenge
Share
Tweet
Embed
Score 0/6 Timer 10:00
0 Plays Today
Show Mother % Correct
51.7%
iCarlyMarissa Benson
48.3%
Wizards Of Waverly PlaceTheresa Russo
48.3%
Suite Life On DeckCarrie Martin
48.3%
Phineas and FerbLinda Flynn
44.8%
JONASMrs. Lucas
10.3%

You're not logged in!

Compare scores with friends on all Sporcle quizzes.
Join for Free
OR
Log In

You Might Also Like...

Show Comments

Extras

Created May 22, 2010ReportNominate
Tags:Show Quiz, children, kid, mom, mother

Top Quizzes Today


Score Distribution

Your Account Isn't Verified!

In order to create a playlist on Sporcle, you need to verify the email address you used during registration. Go to your Sporcle Settings to finish the process.

Report this User

Report this user for behavior that violates our Community Guidelines.

Details: